Microsoft Office 2007 a professional approach

Đã lưu trong:
Chi tiết về thư mục
Tác giả khác: Hinkle, Deborah A.
Định dạng: Sách
Ngôn ngữ:English
Được phát hành: Boston McGraw-Hill Higher Education 2008
Loạt:The professional approach series
Những chủ đề:
Các nhãn: Thêm thẻ
Không có thẻ, Là người đầu tiên thẻ bản ghi này!
Thư viện lưu trữ: Mạng thư viện Đại học Đà Nẵng
LEADER 01309nam a2200349 4500
001 000021240
003 17687
005 20150415160437.0
008 150415s2008 engsd
020 |a 9780077214715 (annotated instructor's edition : alk. paper)  |a 9780073373515 (student edition : alk. paper)  |a 0073373516 (student edition : alk. paper) 
041 0 |a eng 
082 1 4 |a 005.5|222  |b Mic 
100 1 |q (Martin Stuart) 
245 0 0 |a Microsoft Office 2007  |b a professional approach  |c Deborah Hinkle ... [et al.]. 
260 |a Boston  |b McGraw-Hill Higher Education  |c 2008 
300 |a 1 v. (various pagings)  |b col. ill.  |c 28 cm. 
490 |a The professional approach series 
500 |a Includes index. 
650 0 4 |a Business  |x Computer programs 
653 |a Microsoft Office 
653 |a Tin học 
700 1 |a Hinkle, Deborah A. 
OWN |a LSP 
AVA |a UDN50  |b LSP  |d 005.5|222 Mic  |e available  |t Error 5001 Not defined in file expand_doc_bib_avail.  |f 1  |g 0  |h N  |i 0  |k 1 
999 |a From the UDN01 
AVA |a UDN50  |b LSP  |d 005.5|222 Mic  |e available  |t Error 5001 Not defined in file expand_doc_bib_avail.  |f 1  |g 0  |h N  |i 0  |k 1 
TYP |a Monograph 
TYP |a Printed language 
980 |a Mạng thư viện Đại học Đà Nẵng